Simple Shapes - Statistics

General Stats
  • This quiz has been taken 45 times
  • The average score is 5 of 6
Answer Stats
Picture Answer % Correct
Triangle
100%
Rectangle
94%
Pentagon
78%
Sphere
78%
Spiral
72%
arch
38%
No matching quizzes found
Score Distribution
Percent of People with Each Score
Percentile by Number Answered
Your Score History
You have not taken this quiz